000 00444nam a2200145Ia 4500
008 240729s9999 xx 000 0 und d
022 _a2233-4807
245 0 _aInternational Journal of Pain
260 _aKorea, Republic of
260 _bKorean Association for the Study of Pain, Korean Pain Intervention Society
650 _aMedicine
856 _uhttps://doaj.org/toc/22ab5f0e609542b18011e702bda00863
942 _2ddc
942 _cDOAJEJ
999 _c74543
_d74543
945 _a1
_bMadushi Gamage
_c1
_dMadushi Gamage